Państwa w dorzeczu Nigru - nagła śmierć - Statystyki

Ogólne statystyki
  • Ten quiz został rozwiązany 10 razy
  • Średni wynik to 3 z 10
Answers on the Grid
Answers color-coded by a green-red scale on the quiz's grid according to % correct below.
Algieria
Benin
Burkina Faso
Kamerun
Czad
Wybrzeże Kości Słoniowej
Gwinea
Mali
Niger
Nigeria
Ghana
Togo
Mauretania
Senegal
Libia
Sudan
Sudan Południowy
Republika Środkowoafrykańska
Kongo
Liberia
 
Statystyki odpowiedzi
Odpowiedź % Poprawnych
Niger
78%
Nigeria
78%
Burkina Faso
33%
Mali
33%
Gwinea
22%
Kamerun
22%
Benin
11%
Algieria
0%
Czad
0%
Wybrzeże Kości Słoniowej
0%
Nie znaleziono quizów pasujących do podanych kryteriów
Rozkład punktacji
Procent ludzi z każdym wynikiem
Percentyl według liczby udzielonych odpowiedzi
Twoja historia wyników
Nie rozwiązałeś tego quizu